| 000 | 00761nam a22001577a 4500 | ||
|---|---|---|---|
| 003 | OSt | ||
| 005 | 20161026163114.0 | ||
| 008 | 161026b xxu||||| |||| 00| 0 eng d | ||
| 040 | _cRUA | ||
| 082 | _aAGR MEN 2015 B518 Or. | ||
| 100 |
_910964 _aMEN PUNLORK;ម៉ែន ពន្លក |
||
| 245 | _aEffect of soil moisture and soil textural classes on growth and yield of mung bean under high tuunel; ឥត្ធិពលសំណើម និងវាយនភាពដីលើការលូតលាស់ និងទិន្នផលដំណាំសណ្តែកបាយក្រោមលក្ខខណ្ឌផ្ទះប្លាស្ទិក | ||
| 260 |
_aPhnom Penh _bRUA _c2015 |
||
| 300 |
_ax;50p; _bill; _c29cm |
||
| 942 |
_2ddc _cAGR |
||
| 999 |
_c10552 _d10552 |
||